| 000 | 01872nam0a2200313 4500 | ||
|---|---|---|---|
| 001 | RU\NLR\bibl\1826607 | ||
| 005 | 20260408051415.0 | ||
| 010 |
_a978-5-7934-0384-9 _9200 |
||
| 021 |
_aRU _b2011-76860 _95470 |
||
| 035 | _a(NLR Aleph) 001817129 | ||
| 090 |
_a1953913 _c1953913 |
||
| 100 | _a20111031d2011 |||y0rusy50 ca | ||
| 101 | 0 | _arus | |
| 102 | _aRU | ||
| 105 | _ay ||||||||| | ||
| 200 | 1 |
_aАктуальные проблемы неврологии _eматериалы четвертой научно-практической конференции неврологов Северо-Западного Федерального округа Российской Федерации с международным участием, 31 марта-1 апреля 2011 г. _f[редкол.: проф., д.м.н. Г.О. Пенина (отв. ред.) и др.] |
|
| 210 |
_aСыктывкар _cБ.и. _d2011 |
||
| 215 |
_a215 с. _d20 |
||
| 300 | _aВ надзаг.: М-во здравоохранения Республики Коми, С.-Петерб. гос. мед. ун-т им. акад. И.П. Павлова, Коми филиал ГОУ ВПО "Кировская гос. мед. акад." | ||
| 606 | 1 |
_aНеврология _jСъезды, совещания и т.п. _9976069 _3RU\NLR\auth\6648007 |
|
| 686 | _aР62я431(0) | ||
| 702 | 1 |
_aПенина _bГ. О. _gГалина Олеговна _4340 |
|
| 711 | 1 | 2 |
_aНаучно-практическая конференция неврологов Северо-Западного Федерального округа Российской Федерации с международным участием _d4 _eСыктывкар _f2011 _9283069 _3RU\NLR\AUTH\8810197002 |
| 801 | 0 |
_aRU _bNLR _c20111031 _gRCR |
|
| 801 | 1 |
_aRU _bNLR _c20111031 |
|
| 942 | _cBOOK | ||
| 980 | _aNB | ||
| 980 | _aNBR | ||